| 000 | 00760cam a2200265 a 4500 | ||
|---|---|---|---|
| 001 | 000005097 | ||
| 005 | 20200929151558.0 | ||
| 008 | 830720|1980 mx 000 0 spa | ||
| 010 | _a83180068 | ||
| 020 | _a9684341652 (pbk.) | ||
| 040 |
_aDO-SdBNP _bspa _cBNPHU |
||
| 082 |
_aM861.44 _bK86j |
||
| 100 | 1 |
_aKozer, José. _914625 |
|
| 245 | 1 | 0 |
_aJarrón de las abreviaturas / _cJosé Kozer. |
| 250 | _a1a ed. | ||
| 260 |
_aMéxico : _bPremia, _c1980. |
||
| 300 |
_a56 p. ; _c21 cm. |
||
| 490 | 1 |
_aLibros del bicho ; _v21 |
|
| 500 | _aIncluye datos biográficos del autor | ||
| 650 | 4 |
_aPoesía mexicana _99120 |
|
| 650 | 4 |
_aLiteratura mexicana _91922 |
|
| 830 | 0 |
_aLibros del bicho _v21 _914626 |
|
| 910 | _aCatalogación por copia / LC | ||
| 049 | _aBNGR | ||
| 999 |
_c4900 _d4900 |
||